000 01144nas a2200289 4500
001 BR8102524
003 BR-BrBNA
005 20231205084707.0
007 ta
008 230509b bl.|||p| |||| 00| 00por d
040 _aBR-BrBNA
_bpor
_cBiblioteca Nacional de Agricultura
041 _a(Pt)
072 _aH10
100 1 _aLordello, A.L.L.
100 1 _aLara, F.M.
100 1 _aParra, J.R.P.
245 1 _aPreferencia para alimentacao de Spodoptera frugiperda (J.E. Smith, 1797)(Lepidoptera, Noctuidae)em sorgo, em condicoes de laboratorio [Lagarta; Sorghum bicolor; Minas Gerais; Brasil]
_bParte de tese
246 1 _aFood preference of Spodoptera frugiperda (J.E. Smith, 1797)(Lepidoptera, Noctuidae)to sorghum genotypes in laboratory conditions [Worm; Sorghum bicolor; Minas Gerais; Brazil]
_b[Part of thesis]
650 _aPraga de planta
650 _aSorgo
650 _aLagarta
650 _aBiologia
650 _aMinas Gerais
773 0 _tAnais da Sociedade Entomologica do Brasil (Brazil)
_xISSN 0301-8059
_g(1980), v. 9(2) p. 219-241
_wBR8102524
909 _a202311
_bLúcia
_c55
_dLúcia Elande
942 _2AGRIS
_n0
_cANA
999 _c106703
_d106703